LEADER 00728nam a2200193 i 4500 001 000000256616 003 CaOOAMICUS 005 20171211000000.0 008 171211s1863 it u000 u ita u 013 $a235524 040 $aSeMil$bita 245 10$a5. 300 $a726 p., [23] carte di tav. :$bill. 650 4$aSavoia - Storia - Sec. 10.-20.$0(OLS)http://semarc/subject/14945 773 0 $aCorelli, Pietro$tStella d'Italia, o Nove secoli di casa Savoia.$dMilano : Presso Alessandro Ripamonti, 1860-1863.$g5$w()31852 850 $aSeMil 852 $aSeMil$W1$xVenegono$y1$m3S VI 42 FA$j206962$B206962$CSeMilBibl$Z2$F220361 $8I 961 $aOmaggio: Ronchetti Maria 996 $6245$a5$9(OLS)http://semarc/title/57540 LEADER 01031nam a2200253 4500 001 000000345958 003 CaOOAMICUS 005 20210513110420.0 008 210512s2014 it 000 u ita r 020 $a978-88-454-2570-7 040 $aSeMil$bita 100 1 $aMiriano, Costanza,$d<1970- >.$0(OLS)http://semarc/name/113834 245 10$aSposala e muori per lei :$buomini veri per donne senza paura /$cCostanza Miriano. 250 $a3. ed. 264 1$aVenezia :$bSonzogno,$c2014. 300 $a206 p. ;$c22 cm 650 4$aMascolinità.$0(OLS)http://semarc/subject/48463 850 $aSeMil 852 $aSeMil$W1$xVenegono$y1$m2E II 534$j226322$B236996$CSeMilBibl$Z2$F236996 $81 961 $aBrambilla don Paolo - Omaggio 996 $6020$a978-88-454-2570-7$9(OLS)http://semarc/number/293185 996 $6245$aSposala e muori per lei :$buomini veri per donne senza paura$9(OLS)http://semarc/title/435134 996 $6264$aVenezia :$bSonzogno$9(OLS)http://semarc/publisher/59790 LEADER 00963nam a2200229 i 4500 001 000000352381 003 CaOOAMICUS 005 20221129104337.0 008 221129s2000 it u000 u ita u 020 $a88-87995-06-0 040 $aSeMil$bita 245 00$aAntologia personale di Vittorio Gassman :$bpoesia italiana dell'Ottocento e del Novecento. 264 1$aRoma :$bLuca Sossella,$c2000. 300 $a1 kit (4 CD) ;$c20 cm 490 1 $aPlurale immaginario ;$v1 500 $aIn custodia con: 1B II 101 700 1 $aGasman, Vittorio,$d<1922-2000>.$0(OLS)http://semarc/name/116876 830 0$aPlurale immaginario ;$v1.$0(OLS)http://semarc/title/20260 996 $6020$a88-87995-06-0$9(OLS)http://semarc/number/135962 996 $6245$aAntologia personale di Vittorio Gassman :$bpoesia italiana dell'Ottocento e del Novecento$9(OLS)http://semarc/title/215377 996 $6264$aRoma :$bLuca Sossella$9(OLS)http://semarc/publisher/34112 LEADER 01084nam a2200241 i 4500 001 000000011000 003 CaOOAMICUS 005 20180830125440.0 008 180830s1987 it u000 u ita u 040 $aSeMil$bita 245 10$aSplendori di sacre scritture dalla Trivulziana /$cdi Giulia Bologna. 260 $a[Milano] :$bBiblioteca Trivulziana,$c1987. 260 $a[Milano] :$bComune di Milano,$c1987. 300 $a2 v. ;$c36 cm. 500 $aIn occhietto : Codice 2139. - In un'unica custodia in pelle. - Fondo Card. C.M. Martini. 650 4$aBibbia miniata - Milano - Biblioteca Trivulziana.$0(OLS)http://semarc/subject/1784 700 1 $aBologna, Giulia,$d<1926- >.$0(OLS)http://semarc/name/949 774 0 $t[Note e commenti].$w()117746 774 0 $t[Riproduzioni in facsimile].$w()122843 941 1 $a4 996 $6245$aSplendori di sacre scritture dalla Trivulziana$9(OLS)http://semarc/title/14537 996 $6260$a[Milano] :$bComune di Milano$9(OLS)http://semarc/publisher/33024 996 $6260$a[Milano] :$bBiblioteca Trivulziana$9(OLS)http://semarc/publisher/33025